000 00370nam a2200133Ia 4500
005 20260326100025.0
008 260326s9999||||xx |||||||||||||| ||und||
100 _aFernández, José A.
245 0 _aArchitecture in Puerto Rico /
_cJosé A. Fernández
260 _bArchitectural Book Publishing Co.
300 _a267 p.
650 _aARQUITECTURA REGIONAL
942 _cBK
999 _c6364
_d6364